Cliquez sur les villes - Statistiques

Statistiques générales
  • Ce quiz a été pris 443 fois
  • Le résultat moyen est 39 sur 45
Statistiques - réponses
Question Tuile Select % Correct
France Paris Oui
100%
France Bordeaux Oui
99%
France Lyon Oui
99%
France Munich Non
99%
France Toulouse Oui
99%
France Zagreb Non
99%
France Barcelone Non
98%
États-Unis Boston Oui
98%
Espagne Madrid Oui
98%
États-Unis Riga Non
98%
France Strasbourg Oui
98%
États-Unis Vilnius Non
98%
États-Unis Vladivostok Non
98%
États-Unis Atlanta Oui
97%
Espagne Atlanta Non
97%
États-Unis Dallas Oui
97%
États-Unis Minsk Non
97%
États-Unis Philadelphie Oui
97%
Brésil Sao Paulo Oui
97%
Espagne Vienne Non
97%
Espagne Lisbonne Non
96%
Espagne Barcelone Oui
95%
Brésil Riga Non
95%
Afrique du Sud Rabat Non
94%
Espagne Valence Oui
94%
États-Unis Indianapolis Oui
91%
Afrique du Sud Dakar Non
90%
Brésil Lima Non
89%
Brésil La Paz Non
88%
Afrique du Sud Johannesbourg Oui
87%
Afrique du Sud Le Cap Oui
86%
France Monaco Non
86%
Afrique du Sud Nairobi Non
85%
Afrique du Sud Tombouctou Non
83%
Brésil Buenos aires Non
81%
Espagne Managua Non
80%
Afrique du Sud Niamey Non
80%
Espagne Santiago de Compostel Oui
76%
Brésil San Salvador Non
74%
Afrique du Sud Pretoria Oui
70%
Brésil Bélem Oui
54%
Brésil San José Non
53%
Afrique du Sud Blomfontein Oui
51%
Espagne Burgos Oui
32%
Brésil Salvador Oui
27%
Aucun quiz correspondant
Distribution des résultats
% des personnes avec chaque résultat
Percentile par nombre de réponses
Votre historique - résultats
Vous n’avez pas pris ce quiz